000 00432cam a2200181ua 4500
020 _c10.00
041 _aeng
_h
082 _a823.308
_bWYM/GR
100 _aWymer, Norman .
245 _aGreat explorers /
_cNorman Wymer.
_hTextual Documents
250 _a1 /
_b.
260 _aLondon :
_bOxford University Press ,
_c1956.
300 _a217 ; .
365 _a10.00
504 _a
942 _cBK
999 _c7638
_d7638